000 00439nam a2200181Ia 4500
003 GCL
008 140319s9999 xx 000 0 eng d
040 _aGCL /
_cGCL
082 0 4 _a759
_bM E
100 1 _aMESSER,THOMAS M.
245 1 0 _aEDVARD MUNCH /
_cMESSER,THOMAS M.
260 _a[S.N] :
_bTHAMES AND HUDSON ،
_c1987
650 0 4 _aPAINTING
650 0 4 _aARTISTS
650 0 4 _aARTS, MODERN
650 0 4 _aNORWAY
942 _2ddc
_cBK
999 _c23872
_d23872